Statistics for US States by Languages other than English or Spanish

Click here to take the quiz!

General Stats

  • This quiz has been taken 1,303 times
  • The average score is 37 of 50

Answers on the Map

Answers color-coded by a green-red scale on the quiz's map according to % correct below.
 

Answer Stats

State% Correct
French
99%
French
99%
French
99%
French
99%
French
99%
French
99%
Pennsylvania Dutch
99%
German
98%
German
98%
German
98%
German
98%
German
98%
German
98%
German
98%
German
98%
German
98%
Mandarin
96%
Mandarin
96%
Mandarin
96%
Mandarin
96%
Mandarin
96%
Portuguese
90%
Portuguese
90%
Portuguese
90%
Arabic
83%
Arabic
83%
Arabic
83%
Korean
79%
Korean
79%
Korean
79%
Tagalog
76%
Tagalog
76%
Vietnamese
73%
Vietnamese
73%
Vietnamese
73%
Vietnamese
73%
Vietnamese
73%
Vietnamese
73%
Polish
70%
Navajo
52%
Navajo
52%
Sioux
31%
Haitian Creole
29%
Haitian Creole
29%
Hmong
25%
Somali
23%
Aleut
16%
Gujarati
12%
Nepali
7%
Ilocano
5%

Score Distribution

Percentile by Number Answered

Percent of People with Each Score

Your Score History

You have not taken this quiz